Middle East & Arab Nations - Statistics

General Stats
  • This quiz has been taken 19 times
  • The average score is 18 of 20
Answer Stats
Question Answer % Correct
Saudi Arabia
100%
Egypt
100%
Turkey
100%
Oman
100%
Mauritania
100%
Iraq
100%
Cyprus
100%
Tunisia
100%
Jordan
93%
Kuwait
93%
Lebanon
93%
Morocco
93%
Iran
93%
United Arab Emirates
92%
Syria
92%
Algeria
92%
Yemen
92%
Sudan
88%
Libya
88%
Palestine
85%
Qatar
80%
Bahrain
77%
Israel
21%
No matching quizzes found
Score Distribution
Percent of People with Each Score
Percentile by Number Answered
Your Score History
You have not taken this quiz